Sports Quiz

Random Sports Quiz

Pundit Arena Daily Sports Quiz Challenge – Day 357 Stats

 Plays Quiz not verified by Sporcle

Support Sporcle.
Go Orange.
Score 0/20 Timer 05:00
0 Plays Today
Hint Answer % Correct
2011 Rugby World Cup winnersNew Zealand
94.2%
Current Rangers managerSteven Gerrard
89.9%
Francesco Totti played 785 times for this Italian clubAS Roma
89.7%
2011/12 Premier League championsManchester City
88.8%
Club who got promoted back to the Premier League over the weekendNorwich City
83.8%
MLS franchise part-owned by David BeckhamInter Miami
79.9%
2001 FA Cup winnersLiverpool
78.3%
Pierre-Emerick Aubameyang is from this countryGabon
72.6%
Year Ken Doherty won the Snooker World Championship1997
71.1%
Championship side who play their home games at Pride ParkDerby County
65.9%
Hint Answer % Correct
NBA team based in BrooklynNets
65.3%
Host city of 2024 Summer OlympicsParis
59.5%
Current Aston Villa managerDean Smith
59.2%
2018 Heineken European Champions Cup winnersLeinster
54.7%
Golfer who won the 2019 Open ChampionshipShane Lowry
53.2%
NFL team based in HoustonTexans
45.8%
Scored Ireland's only goal at Euro 2012Sean St Ledger
34%
Wears no. 23 for ArsenalDavid Luiz
33%
County where golfer Leona Maguire is fromCavan
32.8%
2015 French Open Men's Singles winnerStan Wawrinka
27.2%

You're not logged in!

Compare scores with friends on all Sporcle quizzes.
OR
Log In

From the Vault

Remove Ads.
Support Sporcle.
Get the best of Sporcle when you Go Orange. This ad-free experience offers more features, more stats, and more fun while also helping to support Sporcle. Thank you for becoming a member.

Show Comments

Extras

Created Apr 18, 2021ReportNominate
Tags:arena, challenge, Daily, pundit

Top Quizzes Today


Score Distribution

Your Account Isn't Verified!

In order to create a playlist on Sporcle, you need to verify the email address you used during registration. Go to your Sporcle Settings to finish the process.

Report this User

Report this user for behavior that violates our Community Guidelines.

Details: